00523nam a2200181Ia 450000500170000000800410001702000150005808200130007310000120008624500270009825000080012526000570013330000130019065000180020394200060022195200990022799900150032620250508050356.0240331s9999 xx 000 0 und d a9559261002 bBAWa891 aBawani, 0aKadavularum manitharum a2nd aColombobWomen's Education and Research Centrec1994 a149 p ., aShort Stories cL 001040708LaWERCLbWERCLcSSCd2024-03-31l0o 894.811 BAWp4399r2024-03-31w2024-03-31yL c4381d4381